00417 2200169 4500001002100000005001500021008004100036020002200077035001900099041000700118082001500125090002000140100001900160245002200179260002600201300002000227INLIS00000000000018020241224112129241224||||||||| | ||| |||| || |  a978-602-8395-48-9 0010-1224000180 aid0 a33,804,092 a338.04092 BUD w0 aBudi Lestariyo00aWirausaha Mandiri bnuansa cendekiac2014 a184 hlm.; 21 cm